AH International Schools' Libraries

Tiny T. Rex and the impossible hug / (Record no. 50158)

MARC details
000 -LEADER
fixed length control field 00346nam a2200109 4500
020 ## - INTERNATIONAL STANDARD BOOK NUMBER
International Standard Book Number 9781452170336
100 ## - MAIN ENTRY--PERSONAL NAME
Personal name Stutzman, Jonathan
9 (RLIN) 87196
245 ## - TITLE STATEMENT
Title Tiny T. Rex and the impossible hug /
Statement of responsibility, etc Jonathan Stutzman & Jay Fleck
260 ## - PUBLICATION, DISTRIBUTION, ETC. (IMPRINT)
Place of publication, distribution, etc San Francisco, California
Name of publisher, distributor, etc Chronicle Books
Date of publication, distribution, etc 2019
300 ## - PHYSICAL DESCRIPTION
Extent unpaged.
Other physical details col. ill.
Dimensions 24 cm.
942 ## - ADDED ENTRY ELEMENTS (KOHA)
Source of classification or shelving scheme
Koha item type Book
Holdings
Withdrawn status Lost status Source of classification or shelving scheme Damaged status Not for loan Collection code Home library Current library Shelving location Date acquired Total Checkouts Full call number Barcode Checked out Date last seen Date checked out Price effective from Koha item type
          TEACHERS' RESOURCES Asian Hope Early Years Library Asian Hope Early Years Library Easy Reading 02/06/2026 1 E STU 209983 02/27/2026 02/27/2026 02/27/2026 02/06/2026 Book

For any Logos Library related questions please contact Miss Art at swongnarasuk@asianhope.org.

For any Asian Hope Library related questions please contact Miss Raza at graza@asianhope.org.

Powered by Koha